| 000 | 00447nam a22001577a 4500 | ||
|---|---|---|---|
| 008 | 230331b |||||||| |||| 00| 0 eng d | ||
| 040 |
_aNational Science Library _cNational Science Library |
||
| 080 |
_aD 778.6 _bK31 |
||
| 100 |
_aBomback, Edward S _95928 |
||
| 245 | _aPhotography in colour | ||
| 260 |
_aLondon: _bFountain Press, _c1964 |
||
| 300 | _a112p. | ||
| 650 | _aColour photography | ||
| 653 | _aColour films | ||
| 942 |
_2udc _cBK |
||
| 999 |
_c17114 _d17114 |
||